000
00269nam a2200109Ia 4500
008
240625s9999 xx 000 0 und d
041
_a
eng
082
_a
005.133 GLA
100
_a
GLASSBOROW FRANCIS
245
_a
BEGINNER S INTRODUCTION TO COMPUTER PROG
260
_c
2007
999
_c
33825
_d
33825